সন্তোষ গুপ্ত : (Record no. 64685)
[ view plain ]
| 000 -LEADER | |
|---|---|
| fixed length control field | 00940nam a2200229 a 4500 |
| 001 - CONTROL NUMBER | |
| control field | 64685 |
| 003 - CONTROL NUMBER IDENTIFIER | |
| rucl marc code | BD-RjUL |
| 005 - DATE AND TIME OF LATEST TRANSACTION | |
| control field | 20211209081332.0 |
| 008 - FIXED-LENGTH DATA ELEMENTS--GENERAL INFORMATION | |
| fixed length control field | 170219s2012 bg a|||| |||| 000 0 ben d |
| 020 ## - INTERNATIONAL STANDARD BOOK NUMBER | |
| International Standard Book Number | 9789845071376 |
| Terms of availability | : Tk. 150.00 |
| 035 ## - SYSTEM CONTROL NUMBER | |
| System control number | (BD-RjUL)64815 |
| 040 ## - CATALOGING SOURCE | |
| Original cataloging agency | BD-RjUL |
| Language of cataloging | ben |
| Transcribing agency | BD-RjUL |
| Modifying agency | BD-RjUL |
| 041 ## - LANGUAGE CODE | |
| Language code of text/sound track or separate title | ben |
| 082 ## - DEWEY DECIMAL CLASSIFICATION NUMBER | |
| Edition number | 23 |
| Classification number | 891.44092 |
| Author mark and year | BAS 2012 |
| 100 1# - MAIN ENTRY--PERSONAL NAME | |
| Personal name | বাসার, মাহমুদুল |
| 9 (RLIN) | 191785 |
| 245 1# - TITLE STATEMENT | |
| Title | সন্তোষ গুপ্ত : |
| Remainder of title | মুক্তচিন্তার প্রহরী / |
| Statement of responsibility, etc. | মাহমুদুল বাসার |
| 260 ## - PUBLICATION, DISTRIBUTION, ETC. (IMPRINT) | |
| Place of publication, distribution, etc. | ঢাকা : |
| Name of publisher, distributor, etc. | পারিজাত প্রকাশনী ; |
| Date of publication, distribution, etc. | ২০১২ |
| 300 ## - PHYSICAL DESCRIPTION | |
| Pagination | ১০৬ পৃ. : |
| Illustrations | চিত্র. ; |
| Size | ১৯ সেমি. |
| 600 ## - SUBJECT ADDED ENTRY--PERSONAL NAME | |
| Personal name | গুপ্ত, সন্তোষ |
| Dates associated with a name | ১৯২৫-২০০৪ |
| General subdivision | জীবনী |
| Personal name | Gupta, Santosh |
| Dates associated with a name | 1925-2004 |
| General subdivision | Biography |
| 942 ## - ADDED ENTRY ELEMENTS (KOHA) | |
| Source of classification or shelving scheme | Dewey Decimal Classification |
| Koha item type | Books |
| Lost status | Source of classification or shelving scheme | Damaged status | Not for loan | Collection code | Permanent Location | Current Location | Shelving location | Date acquired | Source of acquisition | Cost, normal purchase price | Total Checkouts | Full call number | Date last seen | Copy number | Koha item type |
|---|---|---|---|---|---|---|---|---|---|---|---|---|---|---|---|
| Dewey Decimal Classification | Not For Loan | Non-fiction | Central Library, University of Rajshahi | Central Library, University of Rajshahi | Reading Room | 20/12/2012 | Sontoshguptp porishod, Dhaka | 150.00 | B 891.44092 BAS 2012 | 12/03/2017 | C-1 | Books |